000 00360 a2200109 4500
001 ART_4743
005 20260410161824.0
008 260409a
245 1 0 _aPor una nueva cultura de la organización del tiempo
100 1 _aFina Sanglás, Lluis
773 0 _tRevista de trabajo
_gTiempo de trabajo - Año 1, Nº 2 (may./jun. 1994)
_wREV4713
999 _c22618
_d22618